[Event "II Open Dicembre"]
[Site "Arco ITA"]
[Date "2011.12.26"]
[Round "1"]
[White "Allegranti, Luca"]
[Black "Schingaro, Angelo"]
[Result "1/2-1/2"]
[WhiteElo "1999"]
[BlackElo "1727"]
[PlyCount "57"]
[EventDate "2011.12.26"]

1. d4 d5 2. Nf3 Nf6 3. e3 e6 4. Nbd2 c5 5. c3 Nc6 6. Bd3 Be7 7. O-O O-O 8. Qe2
cxd4 9. exd4 Bd7 10. Ne5 h6 11. f4 a6 12. Ndf3 Be8 13. g4 Ne4 14. Bxe4 dxe4 15.
Qxe4 f5 16. Nxc6 fxe4 17. Nxd8 Rxd8 18. Ne5 Bd6 19. Be3 Bxe5 20. fxe5 Bc6 21.
Kg2 Rxf1 22. Rxf1 Rf8 23. Rxf8+ Kxf8 24. h4 Bd5 25. b3 b5 26. Kg3 Kf7 27. Kf4
g6 28. Bd2 Kg7 29. Ke3 1/2-1/2

[Event "II Open Dicembre"]
[Site "Arco ITA"]
[Date "2011.12.26"]
[Round "1"]
[White "Bacchelli, Andrea"]
[Black "Trauth, Michael"]
[Result "0-1"]
[WhiteElo "1789"]
[BlackElo "2180"]
[PlyCount "86"]
[EventDate "2011.12.26"]

1. e4 c5 2. Nf3 Nc6 3. d4 cxd4 4. Nxd4 g6 5. Be3 Nf6 6. Nc3 Bg7 7. f3 O-O 8.
Qd2 d5 9. exd5 Nxd5 10. Nxd5 Qxd5 11. Nxc6 Qxc6 12. c3 Be6 13. Be2 Rfd8 14. Qc1
a5 15. O-O a4 16. a3 Bb3 17. Bd1 Bc4 18. Rf2 Qe6 19. Bc2 Ra5 20. Bf4 Qc6 21.
Qe3 e5 22. Bg5 f6 23. Bh6 Qc7 24. Bxg7 Kxg7 25. Rd1 Rxd1+ 26. Bxd1 Ra8 27. Rd2
b5 28. Be2 Qa7 29. Qxa7+ Rxa7 30. Bxc4 bxc4 31. Kf1 Kf7 32. Ke2 Ke6 33. Kd1 Ra5
34. Rd8 Rd5+ 35. Rxd5 Kxd5 36. Kd2 f5 37. Ke3 f4+ 38. Kd2 g5 39. h3 e4 40. Ke2
e3 41. Ke1 Ke5 42. Ke2 Kf5 43. Ke1 Kg6 0-1

[Event "II Open Dicembre"]
[Site "Arco ITA"]
[Date "2011.12.26"]
[Round "1"]
[White "Benaglia, Giovanni"]
[Black "Faini, Ivano"]
[Result "1-0"]
[WhiteElo "1958"]
[BlackElo "1650"]
[PlyCount "117"]
[EventDate "2011.12.26"]

1. d4 e5 2. dxe5 Nc6 3. Nf3 Qe7 4. Qd5 f6 5. exf6 Nxf6 6. Qd1 d5 7. g3 Bf5 8.
Bg2 Ne4 9. O-O Rd8 10. c3 g5 11. Be3 h5 12. h4 g4 13. Nd4 Nxd4 14. Bxd4 Bg7 15.
Bxg7 Qxg7 16. Qd4 O-O 17. Qxg7+ Kxg7 18. Na3 c6 19. Rad1 b5 20. Nb1 Rd6 21.
Bxe4 Bxe4 22. Nd2 Re8 23. Nb3 Bc2 24. Rd2 Bxb3 25. axb3 c5 26. Rfd1 a5 27. Ra1
Ra8 28. Rad1 Rad8 29. Ra1 Ra6 30. b4 cxb4 31. cxb4 a4 32. Rad1 Rad6 33. Rd4 Kf6
34. e4 Ke5 35. Rxd5+ Rxd5 36. Rxd5+ Rxd5 37. exd5 Kxd5 38. Kg2 Kc4 39. f3 Kb3
40. fxg4 hxg4 41. h5 Kxb2 42. h6 a3 43. h7 a2 44. h8=Q+ Kb1 45. Qh7+ Kb2 46.
Qg7+ Kb1 47. Qxg4 a1=Q 48. Qd1+ Kb2 49. Qxa1+ Kxa1 50. g4 Kb2 51. g5 Kb3 52. g6
Kxb4 53. g7 Kb3 54. g8=Q+ Kc3 55. Qa2 b4 56. Qb1 b3 57. Kf3 b2 58. Ke2 Kb3 59.
Kd2 1-0

[Event "II Open Dicembre"]
[Site "Arco ITA"]
[Date "2011.12.26"]
[Round "1"]
[White "Buglisi, Massimo"]
[Black "Lantschner, Carmen"]
[Result "1-0"]
[WhiteElo "1887"]
[BlackElo "1493"]
[PlyCount "65"]
[EventDate "2011.12.26"]

1. d4 d6 2. c4 Nf6 3. Nc3 g6 4. e4 Bg7 5. f3 O-O 6. Be3 e5 7. Nge2 exd4 8. Nxd4
Nbd7 9. Qd2 Re8 10. Be2 Nc5 11. O-O-O Be6 12. g4 a6 13. h4 b5 14. Nxe6 fxe6 15.
cxb5 axb5 16. Bxb5 Nfd7 17. Kb1 Rf8 18. f4 Qb8 19. Bxd7 Nxd7 20. h5 Nf6 21.
hxg6 hxg6 22. Rdg1 Qb7 23. Qc2 Rfb8 24. Rh2 Ra6 25. e5 Nd5 26. Nxd5 exd5 27.
Qxg6 dxe5 28. Qh7+ Kf7 29. fxe5 c6 30. Rf1+ Ke6 31. Qf5+ Ke7 32. Bg5+ Ke8 33.
Qe6+ 1-0

[Event "II Open Dicembre"]
[Site "Arco ITA"]
[Date "2011.12.26"]
[Round "1"]
[White "De Nardo, Elena"]
[Black "Frontini, Fabio"]
[Result "0-1"]
[WhiteElo "1599"]
[BlackElo "1940"]
[PlyCount "110"]
[EventDate "2011.12.26"]

1. d4 d5 2. c4 e6 3. Nc3 Nf6 4. Bg5 Be7 5. Nf3 O-O 6. e3 c6 7. Bd3 dxc4 8. Bxc4
b5 9. Bd3 Bb7 10. O-O a6 11. Qc2 Nbd7 12. Ne4 Nxe4 13. Bxe7 Qxe7 14. Bxe4 Nf6
15. Bd3 Rac8 16. Qc5 Qxc5 17. dxc5 Rfd8 18. Rfd1 a5 19. a3 Kf8 20. b4 axb4 21.
axb4 Ra8 22. Rxa8 Rxa8 23. Bc2 Ra2 24. Bd3 Nd5 25. g4 h6 26. Be4 Nf6 27. Bb1
Ra1 28. h3 Ke7 29. Re1 Nd5 30. Be4 Rxe1+ 31. Nxe1 Nxb4 32. Kg2 Bc8 33. Nf3 Bd7
34. Ne5 f6 35. Nxd7 Kxd7 36. f4 Na6 37. Bc2 Nxc5 38. e4 b4 39. Kf2 e5 40. fxe5
fxe5 41. Ke2 Kd6 42. Kd2 g5 43. Bb1 Ne6 44. Ba2 Nf4 45. Kc2 Nxh3 46. Bf7 Nf2
47. Bh5 Nxe4 48. Kb3 Kc5 49. Bg6 Nd6 50. Bf5 h5 51. Be6 h4 52. Kb2 h3 53. Bd5
cxd5 54. Kb3 h2 55. Kb2 h1=Q 0-1

[Event "II Open Dicembre"]
[Site "Arco ITA"]
[Date "2011.12.26"]
[Round "1"]
[White "De Nisi, Roberta"]
[Black "Sheikh, Mohammed Zannatun N."]
[Result "1-0"]
[WhiteElo "1910"]
[BlackElo "1510"]
[PlyCount "107"]
[EventDate "2011.12.26"]

1. d4 d6 2. c4 Nf6 3. Nc3 g6 4. e4 Bg7 5. f3 b6 6. Be3 Bb7 7. Qd2 Nbd7 8. Nge2
e5 9. O-O-O Qe7 10. g4 h5 11. g5 Nh7 12. d5 O-O-O 13. h4 Rhf8 14. Bh3 Kb8 15.
Kb1 Qe8 16. Qc2 Rg8 17. Qa4 Bf8 18. Nb5 a6 19. Nbc3 Be7 20. Bxd7 Rxd7 21. f4
exf4 22. Bxf4 Rf8 23. Nd4 Qc8 24. e5 dxe5 25. Bxe5 Re8 26. Nc6+ Bxc6 27. Qxc6
Bd6 28. Bxd6 Rxd6 29. Qa4 Rdd8 30. Rhf1 Rf8 31. Ne4 Rde8 32. c5 b5 33. Qd4 Qg4
34. Nf6 Qxd4 35. Rxd4 Nxf6 36. Rxf6 Rd8 37. Rxa6 Kb7 38. Rf6 Ka7 39. Kc2 Ka8
40. Kc3 Ka7 41. a4 Rb8 42. a5 Rbd8 43. Kb4 Rb8 44. b3 Rb7 45. Rdf4 Rd8 46. c6
Rbb8 47. Kc5 Ka6 48. b4 Re8 49. Rxf7 Re1 50. Rxc7 Rd8 51. Rd7 Rde8 52. Rff7
Rc1+ 53. Kd6 Ra8 54. Rb7 1-0

[Event "II Open Dicembre"]
[Site "Arco ITA"]
[Date "2011.12.26"]
[Round "1"]
[White "Engl, Alexander"]
[Black "Medves, Enrico"]
[Result "0-1"]
[WhiteElo "1497"]
[BlackElo "1889"]
[PlyCount "54"]
[EventDate "2011.12.26"]

1. f4 c5 2. Nf3 Nf6 3. e3 b6 4. Be2 Bb7 5. O-O e6 6. b3 Be7 7. Bb2 O-O 8. c4 d5
9. Nc3 d4 10. exd4 cxd4 11. Nb5 d3 12. Bxd3 Qxd3 13. Nc7 Rd8 14. Nxa8 Bxa8 15.
Bc1 Bxf3 16. Qxf3 Qd4+ 17. Kh1 Qxa1 18. Qb7 Ba3 19. Qxa7 Bxc1 20. Qxb6 Rf8 21.
Qg1 Qxa2 22. Rxc1 Qxb3 23. d4 Nc6 24. Qf2 Rd8 25. d5 exd5 26. cxd5 Nb4 27. d6
Nd3 0-1

[Event "II Open Dicembre"]
[Site "Arco ITA"]
[Date "2011.12.26"]
[Round "1"]
[White "Fox, Jonas"]
[Black "Faini, Marco"]
[Result "0-1"]
[WhiteElo "1641"]
[BlackElo "1952"]
[PlyCount "88"]
[EventDate "2011.12.26"]

1. e4 c5 2. Nc3 g6 3. f4 Bg7 4. Nf3 Nc6 5. Bb5 e6 6. Bxc6 bxc6 7. O-O d5 8. d3
Nf6 9. Qe1 O-O 10. Qh4 Nd7 11. Qh3 Rb8 12. g4 f6 13. f5 exf5 14. gxf5 Ne5 15.
Nxe5 fxe5 16. Qg3 gxf5 17. exf5 Kh8 18. Kh1 Bf6 19. Qf3 Rg8 20. Bh6 Qd6 21. Qh5
Bd7 22. Rg1 Qe7 23. Rg3 Rxg3 24. hxg3 Rg8 25. Rg1 Bg5 26. g4 Qf6 27. Bxg5 Rxg5
28. Qh2 Kg7 29. Ne2 Be8 30. Rg3 h5 31. gxh5 Qxf5 32. Qh4 Kh6 33. Qxg5+ Qxg5 34.
Rxg5 Kxg5 35. Ng3 Bxh5 36. Nxh5 Kxh5 37. Kg2 Kg4 38. Kf2 Kf4 39. Ke2 a6 40. a3
a5 41. a4 e4 42. b3 e3 43. d4 c4 44. bxc4 dxc4 0-1

[Event "II Open Dicembre"]
[Site "Arco ITA"]
[Date "2011.12.26"]
[Round "1"]
[White "Gehrke, Rolf"]
[Black "Galas, Franco"]
[Result "1-0"]
[WhiteElo "2085"]
[BlackElo "1749"]
[PlyCount "64"]
[EventDate "2011.12.26"]

1. Nf3 Nf6 2. c4 d6 3. d4 g6 4. Nc3 Bg7 5. e4 O-O 6. Be2 Bg4 7. Be3 Bxf3 8.
Bxf3 c6 9. Qd2 Qc7 10. Bh6 Nbd7 11. h4 Bxh6 12. Qxh6 Kh8 13. h5 Ng8 14. Qe3 Kg7
15. Rh3 h6 16. hxg6 fxg6 17. Bg4 Rf6 18. Bxd7 Qxd7 19. e5 Re6 20. f4 dxe5 21.
dxe5 Rf8 22. g4 Qc7 23. O-O-O c5 24. Nd5 Qc8 25. Rg1 Qb8 26. Qc3 Kh7 27. Qd3 b5
28. cxb5 c4 29. Qe4 Nf6 30. Nxf6+ exf6 31. Rgh1 Kg7 32. Rxh6 Rfe8 1-0

[Event "II Open Dicembre"]
[Site "Arco ITA"]
[Date "2011.12.26"]
[Round "1"]
[White "Medves, Adriano"]
[Black "Marchelli, Luca"]
[Result "1-0"]
[WhiteElo "1858"]
[BlackElo "1419"]
[PlyCount "41"]
[EventDate "2011.12.26"]

1. b4 Nf6 2. Bb2 c6 3. e3 d5 4. Nf3 Bf5 5. c4 Nbd7 6. cxd5 cxd5 7. Be2 e6 8. a3
Bd6 9. Nh4 O-O 10. Nxf5 exf5 11. Nc3 f4 12. Qb3 fxe3 13. dxe3 Nb6 14. Rd1 Nc4
15. Bxc4 dxc4 16. Qxc4 a6 17. O-O Qe7 18. Nd5 Nxd5 19. Rxd5 Rac8 20. Qd4 Bxh2+
21. Kxh2 1-0

[Event "II Open Dicembre"]
[Site "Arco ITA"]
[Date "2011.12.26"]
[Round "1"]
[White "Menon, Michele"]
[Black "Bevilacqua, Maurizio"]
[Result "0-1"]
[WhiteElo "1779"]
[BlackElo "2143"]
[PlyCount "50"]
[EventDate "2011.12.26"]

1. Nf3 d5 2. c4 c6 3. g3 Nf6 4. Bg2 Bf5 5. b3 Nbd7 6. Bb2 e6 7. O-O h6 8. d3
Qc7 9. Nbd2 Bh7 10. cxd5 exd5 11. Re1 Bc5 12. Bd4 O-O 13. Bxc5 Nxc5 14. Rc1 Qb6
15. Qc2 Ne6 16. e4 Rad8 17. Qb2 Nc5 18. Ne5 dxe4 19. Nxe4 Nfxe4 20. Bxe4 f5 21.
Bg2 f4 22. Qc3 Nxd3 23. Nxd3 Rxd3 24. Qc4+ Kh8 25. Be4 fxg3 0-1

[Event "II Open Dicembre"]
[Site "Arco ITA"]
[Date "2011.12.26"]
[Round "1"]
[White "Oltramari, Silvano"]
[Black "Perich, Stefano"]
[Result "1/2-1/2"]
[WhiteElo "1583"]
[BlackElo "1922"]
[PlyCount "34"]
[EventDate "2011.12.26"]

1. b4 e5 2. Bb2 f6 3. a3 d5 4. e3 Bd6 5. c4 c6 6. h3 Be6 7. cxd5 cxd5 8. Nf3
Ne7 9. Be2 O-O 10. O-O a6 11. d3 Qd7 12. Nbd2 Nbc6 13. Rc1 Rfc8 14. a4 d4 15.
Nh2 Ng6 16. Bg4 Bxg4 17. Nxg4 b5 1/2-1/2

[Event "II Open Dicembre"]
[Site "Arco ITA"]
[Date "2011.12.26"]
[Round "1"]
[White "Paltrinieri, Nicholas"]
[Black "Bisaro, Andrea"]
[Result "1-0"]
[WhiteElo "2109"]
[BlackElo "1756"]
[PlyCount "45"]
[EventDate "2011.12.26"]

1. f4 d5 2. e3 Bf5 3. Nf3 e6 4. b3 Nf6 5. Bb2 Nbd7 6. Be2 c5 7. O-O h6 8. c4
Be7 9. Ne5 Nxe5 10. fxe5 Ne4 11. d3 Ng5 12. cxd5 Qxd5 13. e4 Bxe4 14. dxe4 Qxe4
15. Bb5+ Kf8 16. Qe2 Qh4 17. Nd2 a6 18. Bc4 Rd8 19. Rad1 b5 20. Nf3 Qh5 21.
Nxg5 Qxe2 22. Nxe6+ Ke8 23. Nxg7+ 1-0

[Event "II Open Dicembre"]
[Site "Arco ITA"]
[Date "2011.12.26"]
[Round "1"]
[White "Pellicoro, Roberto"]
[Black "Paniga, Danilo"]
[Result "0-1"]
[WhiteElo "1386"]
[BlackElo "1840"]
[PlyCount "111"]
[EventDate "2011.12.26"]

1. e4 d6 2. d4 Nf6 3. Nc3 c6 4. e5 dxe5 5. dxe5 Qxd1+ 6. Nxd1 Ng4 7. Nf3 Nd7 8.
Bg5 Nb6 9. h3 Nd5 10. Bd2 Nh6 11. Bxh6 gxh6 12. Bc4 Bg7 13. Ne3 Nxe3 14. fxe3
Bf5 15. O-O Bxc2 16. Nd4 Bg6 17. e6 f6 18. Nf5 Rg8 19. e4 Bf8 20. Rad1 Rd8 21.
Rd7 Bxf5 22. exf5 Rg5 23. Rxd8+ Kxd8 24. g4 h5 25. Rd1+ Kc8 26. Be2 hxg4 27.
hxg4 h5 28. Rd4 hxg4 29. Bxg4 Bh6 30. Kf2 Rg8 31. Rd7 Rxg4 32. Rxe7 Rf4+ 33.
Kg3 Rxf5 34. Re8+ Kc7 35. Kg4 Re5 36. Rh8 Be3 37. Rh7+ Kb6 38. e7 Bc5 39. Rh5
Bxe7 40. Rxe5 fxe5 41. Kf5 Bf6 42. Ke4 Kc5 43. Kd3 Kd5 44. Ke3 e4 45. b3 Bg5+
46. Ke2 Kd4 47. a3 c5 48. Ke1 Kd3 49. b4 c4 50. b5 c3 51. b6 c2 52. bxa7 c1=Q+
53. Kf2 Qe3+ 54. Kg2 Qf3+ 55. Kh2 Bf4+ 56. Kg1 0-1

[Event "II Open Dicembre"]
[Site "Arco ITA"]
[Date "2011.12.26"]
[Round "1"]
[White "Petragnani, Alessandro"]
[Black "Vinciguerra, Riccardo"]
[Result "1/2-1/2"]
[WhiteElo "1924"]
[BlackElo "1589"]
[PlyCount "66"]
[EventDate "2011.12.26"]

1. c4 Nf6 2. g3 g6 3. Bg2 Bg7 4. Nc3 O-O 5. d3 d6 6. Nf3 c5 7. Rb1 Nc6 8. a3
Rb8 9. O-O a6 10. Ne1 e5 11. Bg5 h6 12. Bxf6 Bxf6 13. e3 Be6 14. Nc2 Qc8 15.
Nd5 Bxd5 16. Bxd5 Ne7 17. Bg2 Bg7 18. b4 b6 19. Qd2 Rd8 20. e4 Nc6 21. f4 exf4
22. Qxf4 Ne5 23. Rbd1 Qg4 24. Rd2 Qxf4 25. gxf4 Nc6 26. e5 Ne7 27. exd6 Rxd6
28. Kh1 Nf5 29. Be4 Nd4 30. Nxd4 Bxd4 31. Rg2 Kg7 32. h4 Rf8 33. f5 Rf6 1/2-1/2

[Event "II Open Dicembre"]
[Site "Arco ITA"]
[Date "2011.12.26"]
[Round "1"]
[White "Petragnani, Gian Giacomo"]
[Black "Giancotti, Eraldo"]
[Result "0-1"]
[WhiteElo "1752"]
[BlackElo "2097"]
[PlyCount "54"]
[EventDate "2011.12.26"]

1. Nf3 Nc6 2. g3 e5 3. d3 d6 4. Bg2 Be7 5. O-O h5 6. Nbd2 h4 7. Re1 Be6 8. e4
Qd7 9. Nf1 hxg3 10. fxg3 O-O-O 11. Ng5 Bxg5 12. Bxg5 f6 13. Be3 Nh6 14. Bxh6
Rxh6 15. Bf3 Rdh8 16. c3 g6 17. Re2 Nd8 18. Rf2 Nf7 19. Ne3 Ng5 20. Bg2 Rxh2
21. Rxf6 Qh7 22. Qf1 Rh1+ 23. Kf2 Rxf1+ 24. Rxf1 Bh3 25. Ke1 Bxg2 26. Rf8+ Rxf8
27. Rxf8+ Kd7 0-1

[Event "II Open Dicembre"]
[Site "Arco ITA"]
[Date "2011.12.26"]
[Round "1"]
[White "Pojer, Romeo"]
[Black "Sinner, Armin"]
[Result "1-0"]
[WhiteElo "2145"]
[BlackElo "1783"]
[PlyCount "51"]
[EventDate "2011.12.26"]

1. e4 c5 2. Nf3 d6 3. d4 cxd4 4. Nxd4 Nf6 5. Nc3 a6 6. Bc4 e5 7. Nf5 Bxf5 8.
exf5 Qc7 9. Qe2 Be7 10. Be3 Nbd7 11. O-O-O b5 12. Bb3 Nc5 13. g4 Nxb3+ 14. axb3
Rc8 15. g5 Nd7 16. Nd5 Qa5 17. Kb1 Bf8 18. Bb6 Nxb6 19. b4 Qa4 20. Nxb6 Qxb4
21. Nxc8 Qc5 22. f4 Qxc8 23. fxe5 Qxf5 24. exd6+ Qe6 25. d7+ Kd8 26. Qf3 1-0

[Event "II Open Dicembre"]
[Site "Arco ITA"]
[Date "2011.12.26"]
[Round "1"]
[White "Raineri, Valerio"]
[Black "Mondal, Prince"]
[Result "1/2-1/2"]
[WhiteElo "2159"]
[BlackElo "1786"]
[PlyCount "61"]
[EventDate "2011.12.26"]

1. e4 c5 2. Nf3 e6 3. d4 cxd4 4. Nxd4 a6 5. Bd3 Qc7 6. Qe2 d6 7. O-O Nf6 8. Nc3
Nbd7 9. Kh1 b5 10. f4 Bb7 11. Nd1 Rc8 12. Nf2 Be7 13. Bd2 O-O 14. Rae1 Nc5 15.
c3 Nxd3 16. Qxd3 Rfd8 17. e5 Nd7 18. Qg3 Nb6 19. Ng4 Kh8 20. f5 exf5 21. Rxf5
Bd5 22. Bg5 Bxg5 23. Rxg5 dxe5 24. Qxe5 f6 25. Qxc7 Rxc7 26. Rf5 Rcd7 27. a3
Na4 28. Rf2 Nc5 29. Rfe2 Kg8 30. Nf2 Kf7 31. h3 1/2-1/2

[Event "II Open Dicembre"]
[Site "Arco ITA"]
[Date "2011.12.26"]
[Round "1"]
[White "Rizzo, Giuseppe"]
[Black "Dalponte, Dino"]
[Result "1-0"]
[WhiteElo "1732"]
[BlackElo "2078"]
[PlyCount "131"]
[EventDate "2011.12.26"]

1. d4 d5 2. Nf3 c6 3. e3 Bg4 4. c4 e6 5. Qb3 Qc7 6. Nc3 Nd7 7. Bd2 Rb8 8. Rc1
Qd8 9. cxd5 exd5 10. Be2 Ngf6 11. Qc2 Bb4 12. a3 Bxc3 13. Bxc3 O-O 14. O-O Ne4
15. Bb4 Re8 16. Ne1 Bxe2 17. Qxe2 Re6 18. Nd3 Qh4 19. f3 Nef6 20. Qf2 Qxf2+ 21.
Kxf2 g5 22. h3 Nh5 23. Rce1 Rbe8 24. Bd2 h6 25. Re2 Ng7 26. g4 Rf6 27. Rfe1
Rfe6 28. e4 dxe4 29. Rxe4 Nf6 30. Rxe6 Nxe6 31. Bc3 Nd5 32. Re4 Rd8 33. Nc1 Rd7
34. Nd3 Rd8 35. Kg3 Nf6 36. Re5 Nd5 37. h4 gxh4+ 38. Kxh4 Kg7 39. Kg3 Kg6 40.
f4 Kg7 41. Kf3 b6 42. f5 Ng5+ 43. Kg3 f6 44. Re2 Kf7 45. Nf4 Nxf4 46. Kxf4 Rd7
47. Re3 Re7 48. Rxe7+ Kxe7 49. Bb4+ Kd7 50. Be1 Ke7 51. Bb4+ Kf7 52. Be1 a5 53.
b4 a4 54. Ke3 b5 55. Bg3 Ke7 56. d5 c5 57. bxc5 b4 58. axb4 a3 59. Be1 Nf7 60.
b5 a2 61. Bc3 Ne5 62. b6 Kd8 63. c6 Nc4+ 64. Kd3 Nxb6 65. Bxf6+ Kc7 66. Be5+
1-0

[Event "II Open Dicembre"]
[Site "Arco ITA"]
[Date "2011.12.26"]
[Round "1"]
[White "Scriboni, Simone"]
[Black "Paltrinieri, Mario"]
[Result "1-0"]
[WhiteElo "1961"]
[BlackElo "1690"]
[PlyCount "44"]
[EventDate "2011.12.26"]

1. e4 d5 2. exd5 Qxd5 3. Nc3 Qd6 4. d4 Bf5 5. Nf3 Nc6 6. Nb5 Qd7 7. Bf4 Rc8 8.
c3 a6 9. Na3 Nf6 10. Nc4 e6 11. Be2 Be7 12. O-O O-O 13. Nfe5 Qd5 14. Ne3 Qe4
15. Nxc6 Qxc6 16. Nxf5 exf5 17. Qd3 g6 18. Bf3 Nd5 19. Bh6 Rfd8 20. c4 Nb4 21.
Qc3 Qb6 22. d5 a5 1-0

[Event "II Open Dicembre"]
[Site "Arco ITA"]
[Date "2011.12.26"]
[Round "1"]
[White "Silini, Riccardo"]
[Black "De Santis, Alessio"]
[Result "0-1"]
[WhiteElo "1823"]
[BlackElo "2318"]
[PlyCount "40"]
[EventDate "2011.12.26"]

1. e4 c5 2. c4 e6 3. Nc3 a6 4. b3 Qc7 5. Bb2 b6 6. Nf3 Bb7 7. Be2 Nc6 8. O-O
Nf6 9. d3 Ng4 10. h3 h5 11. hxg4 hxg4 12. g3 gxf3 13. Bxf3 Bd6 14. Kg2 Be5 15.
Nd5 exd5 16. Bxe5 Nxe5 17. exd5 O-O-O 18. d4 cxd4 19. Qxd4 d6 20. Rac1 Rh2+ 0-1

[Event "II Open Dicembre"]
[Site "Arco ITA"]
[Date "2011.12.26"]
[Round "1"]
[White "Simmon, Norbert"]
[Black "Horn, Peter"]
[Result "0-1"]
[WhiteElo "1785"]
[BlackElo "2159"]
[PlyCount "102"]
[EventDate "2011.12.26"]

1. g3 c5 2. Nf3 Nf6 3. c4 b6 4. Bg2 Bb7 5. O-O e6 6. Nc3 Be7 7. d3 O-O 8. a3
Nc6 9. e3 d5 10. Qc2 d4 11. exd4 cxd4 12. Ne2 a5 13. Bd2 Qd7 14. Bf4 Bc5 15.
Ne5 Nxe5 16. Bxb7 Qxb7 17. Bxe5 Rad8 18. Bxf6 gxf6 19. Qd2 Qf3 20. Nf4 Kh8 21.
Qe2 Qxe2 22. Nxe2 e5 23. Kg2 f5 24. f3 h5 25. h3 a4 26. Kf2 Kg7 27. Ke1 Rh8 28.
Kd2 Kf6 29. Kc2 Rb8 30. b4 axb3+ 31. Kxb3 b5 32. Rfb1 Rhc8 33. cxb5 Rxb5+ 34.
Ka2 Ra5 35. Rb3 Bxa3 36. Kb1 Rca8 37. Rb6+ Kg7 38. Nc1 Bxc1 39. Rxa5 Rxa5 40.
Kxc1 Ra1+ 41. Kd2 Rg1 42. Rb5 f6 43. Rb7+ Kg6 44. Rb8 Rg2+ 45. Ke1 Kh7 46. Rb7+
Kh6 47. Rb6 Rxg3 48. Kf2 Rg6 49. Rb8 Kg5 50. Rh8 Rg7 51. Rf8 Ra7 0-1

[Event "II Open Dicembre"]
[Site "Arco ITA"]
[Date "2011.12.26"]
[Round "1"]
[White "Spornberger, Andre"]
[Black "Resch, Aaron"]
[Result "1-0"]
[WhiteElo "1949"]
[BlackElo "1607"]
[PlyCount "37"]
[EventDate "2011.12.26"]

1. e4 b6 2. d4 Bb7 3. Nc3 e6 4. Bd3 Bb4 5. Bd2 Nf6 6. Qe2 d6 7. a3 Bxc3 8. bxc3
Nbd7 9. f4 e5 10. Nf3 Qe7 11. fxe5 dxe5 12. O-O O-O 13. Rac1 Rac8 14. Nxe5 Nxe5
15. dxe5 Qxe5 16. Rf5 Qd6 17. e5 Qd7 18. Rxf6 gxf6 19. Qh5 1-0

[Event "II Open Dicembre"]
[Site "Arco ITA"]
[Date "2011.12.26"]
[Round "1"]
[White "Spornberger, Maximilian"]
[Black "Pedrotti, Luciano"]
[Result "1-0"]
[WhiteElo "2202"]
[BlackElo "1801"]
[PlyCount "109"]
[EventDate "2011.12.26"]

1. e4 e5 2. Nf3 Nc6 3. d4 exd4 4. Bc4 Be7 5. c3 d6 6. cxd4 Nf6 7. Nc3 O-O 8. d5
Ne5 9. Nxe5 dxe5 10. O-O Bg4 11. Qb3 b6 12. Be3 Bd6 13. Rac1 Bh5 14. f3 Nd7 15.
Qc2 a6 16. Qe2 b5 17. Bd3 Nc5 18. Bc2 Rc8 19. Qf2 Qe7 20. b4 Nd7 21. a3 Bg6 22.
Bb3 f5 23. exf5 Bxf5 24. Qd2 Nf6 25. Bg5 h6 26. Bh4 Qf7 27. Rce1 Kh8 28. Ne4
Bxe4 29. fxe4 Qg6 30. Bd1 Nd7 31. Bf3 Nb6 32. Qe2 Rf4 33. Bh5 Qh7 34. Rxf4 exf4
35. e5 Bf8 36. e6 Nxd5 37. e7 Ne3 38. e8=Q Rxe8 39. Bxe8 Qe4 40. Qf3 Qxf3 41.
gxf3 c5 42. bxc5 Bxc5 43. Bf2 Kg8 44. Bxe3 Bxe3+ 45. Kf1 Kf8 46. Bg6 Ke7 47.
Ke2 Ke6 48. Kd3 Kd5 49. a4 b4 50. Bf7+ Kc5 51. Re2 a5 52. Rc2+ Kd6 53. Kc4 Ke7
54. Bg8 Bb6 55. Kb5 1-0

[Event "II Open Dicembre"]
[Site "Arco ITA"]
[Date "2011.12.26"]
[Round "1"]
[White "Spornberger, Peter"]
[Black "Niccoli, Paolo"]
[Result "1/2-1/2"]
[WhiteElo "1687"]
[BlackElo "1960"]
[PlyCount "75"]
[EventDate "2011.12.26"]

1. e4 c5 2. c3 d5 3. exd5 Qxd5 4. Nf3 Nf6 5. d4 Bg4 6. Be2 e6 7. O-O Nc6 8. c4
Qd6 9. dxc5 Qxc5 10. Be3 Qa5 11. a3 Be7 12. Nc3 O-O 13. b4 Qf5 14. h3 Bxf3 15.
Bxf3 Rfd8 16. Qb3 Rd7 17. Rad1 Rad8 18. Rxd7 Rxd7 19. Rd1 Ne5 20. Rxd7 Nxf3+
21. gxf3 Nxd7 22. Qd1 Ne5 23. Kg2 Nxc4 24. Bxa7 Qg5+ 25. Kh1 Qf5 26. Kg2 Ne5
27. Ne4 Ng6 28. Bc5 Nf4+ 29. Kg1 Bxc5 30. bxc5 Nxh3+ 31. Kh2 h5 32. Ng3 Qxc5
33. Kxh3 Qxf2 34. Qd8+ Kh7 35. Qd3+ g6 36. Nxh5 Qc5 37. Nf6+ Kg7 38. Ng4
1/2-1/2

[Event "II Open Dicembre"]
[Site "Arco ITA"]
[Date "2011.12.26"]
[Round "1"]
[White "Zappi, Adriano"]
[Black "Mora, Massimo"]
[Result "0-1"]
[WhiteElo "1717"]
[BlackElo "1998"]
[PlyCount "80"]
[EventDate "2011.12.26"]

1. d4 Nf6 2. Nf3 c5 3. c3 g6 4. Bf4 cxd4 5. Nxd4 d6 6. Nf3 Bg7 7. e3 O-O 8. h3
Qb6 9. Qb3 Qc7 10. Be2 Nc6 11. O-O Be6 12. Qd1 Qb6 13. Qc1 Rac8 14. a3 a5 15.
Nbd2 a4 16. Re1 Na5 17. Bg3 Rfd8 18. Nd4 Bd7 19. Rb1 e5 20. Nc2 Bf5 21. Ra1 Ne4
22. Nxe4 Nb3 23. Qd1 Nxa1 24. Qxa1 Bxe4 25. Nb4 d5 26. Qd1 d4 27. exd4 exd4 28.
cxd4 Rxd4 29. Qxa4 Bc6 30. Qc2 Bd7 31. Qb1 Rd2 32. b3 Bc3 33. Qe4 Re8 34. Qc4
Rc8 35. Qe4 Bf5 36. Qf3 Bxb4 37. axb4 Qxb4 38. Rf1 Rc3 39. Qf4 Qxf4 40. Bxf4
Rxe2 0-1

[Event "II Open Dicembre"]
[Site "Arco ITA"]
[Date "2011.12.26"]
[Round "1"]
[White "Ziglio, Giorgio"]
[Black "Lezzerini, Marco"]
[Result "0-1"]
[WhiteElo "1467"]
[BlackElo "1871"]
[PlyCount "116"]
[EventDate "2011.12.26"]

1. d4 d6 2. c4 e5 3. Nf3 e4 4. Ng5 f5 5. Nh3 Be7 6. Nc3 Nf6 7. Nd5 O-O 8. Nxf6+
Bxf6 9. e3 c6 10. Be2 a5 11. O-O d5 12. Nf4 Bg5 13. b3 Kh8 14. g3 Bh6 15. Ba3
Rg8 16. Nh5 g6 17. Nf4 g5 18. Ng2 f4 19. exf4 gxf4 20. Bc1 Qf6 21. Nxf4 Bxf4
22. Bxf4 Qxf4 23. Kg2 Qh6 24. Kh1 Qh3 25. Rg1 Bg4 26. f3 Bf5 27. Qd2 Bg6 28.
Bf1 Qf5 29. fxe4 Qxe4+ 30. Bg2 Qd3 31. Qf4 Qf5 32. Rad1 Qxf4 33. gxf4 Bf7 34.
Bf1 Rxg1+ 35. Kxg1 Nd7 36. Re1 Re8 37. Rxe8+ Bxe8 38. Bh3 Kg7 39. Kg2 Kf6 40.
Kf3 dxc4 41. bxc4 Ke7 42. Ke4 Bf7 43. Bf1 Nb6 44. c5 Nd5 45. a3 Kf6 46. Bh3 Be6
47. Bxe6 Kxe6 48. f5+ Kf6 49. h4 h5 50. a4 Ne7 51. Kf4 Nxf5 52. Ke4 Nxh4 53. d5
cxd5+ 54. Kxd5 Nf5 55. Ke4 h4 56. Kf4 Ke6 57. Kg4 Kd5 58. Kxf5 h3 0-1

[Event "II Open Dicembre"]
[Site "Arco ITA"]
[Date "2011.12.27"]
[Round "3"]
[White "Allegranti, Luca"]
[Black "Galas, Franco"]
[Result "1-0"]
[WhiteElo "1999"]
[BlackElo "1749"]
[PlyCount "97"]
[EventDate "2011.12.26"]

1. b3 e5 2. Bb2 d6 3. g3 Be7 4. Bg2 c6 5. e4 Nf6 6. Ne2 Na6 7. O-O h5 8. d4 Qc7
9. h4 Ng4 10. Qd3 g5 11. f3 Nh6 12. dxe5 dxe5 13. hxg5 Bxg5 14. f4 Bf6 15. fxe5
Bxe5 16. Bxe5 Qxe5 17. Nd2 Be6 18. Nf3 Qc5+ 19. Qd4 Qxd4+ 20. Nexd4 O-O-O 21.
Nxe6 fxe6 22. Bh3 Ng4 23. Ng5 Rd2 24. Bxg4 hxg4 25. Rf2 Rxf2 26. Kxf2 Rh2+ 27.
Ke3 Rxc2 28. Nxe6 Kd7 29. Nd4 Rc3+ 30. Kf4 Nc5 31. Rd1 Nd3+ 32. Kf5 Ke7 33. Rd2
Kf7 34. Kxg4 Ne5+ 35. Kf5 Ng6 36. Kg4 Ne5+ 37. Kh3 Kg6 38. Nf5 Kg5 39. Rd8 Ng6
40. Rg8 Kf6 41. Rg7 Rc2 42. Rxb7 Rxa2 43. Rc7 Ne5 44. Nd4 Ra6 45. g4 Rb6 46.
Kh4 a5 47. Kh5 Nf7 48. Rxc6+ Rxc6 49. Nxc6 1-0

[Event "II Open Dicembre"]
[Site "Arco ITA"]
[Date "2011.12.27"]
[Round "3"]
[White "Bisaro, Andrea"]
[Black "Frontini, Fabio"]
[Result "0-1"]
[WhiteElo "1756"]
[BlackElo "1940"]
[PlyCount "64"]
[EventDate "2011.12.26"]

1. d4 c5 2. d5 Nf6 3. c4 d6 4. Nc3 g6 5. e4 Bg7 6. Be2 O-O 7. f4 Na6 8. Nf3 Nc7
9. O-O a6 10. a4 b6 11. e5 Nd7 12. exd6 exd6 13. f5 Ne5 14. Nxe5 Bxe5 15. fxg6
hxg6 16. Bf4 Qf6 17. Ne4 Qe7 18. Bxe5 Qxe5 19. Nf6+ Kg7 20. Bd3 Rh8 21. g3 Qxb2
22. Qe2 Qd4+ 23. Kh1 Bh3 24. Qe4 Qxe4+ 25. Nxe4 Bxf1 26. Rxf1 Rhd8 27. Ng5 Rd7
28. Ne4 Rb8 29. Rf6 Ne8 30. Rf2 f5 31. Ng5 Nc7 32. Rb2 Re7 0-1